000 00270nam a22001097a 4500
008 230620b xxu||||| |||| 00| 0 eng d
082 _a322.43
_bLEA 1954
245 _aDefeating Mau Mau
260 _aLondon
_bMethuen & Co. Ltd
_c1954
300 _aVII,151p
942 _2ddc
_cBK
999 _c1800
_d1800